000 01008nam a2200301 a 4500
001 77116
003 BD-RjUL
005 20211209082928.0
008 200225s1983 ilua b 000 0 eng
020 _a0870943502 (looseleaf)
035 _a(BD-RjUL)77340
040 _aDLC
_cDLC
_dDLC
_dBD-RjUL
_beng
041 _aeng
082 0 0 _223
_a658.3
_bDAI 1983
100 1 _aDaily, James M.
_9212250
245 1 0 _aICPM interpersonal skills for the manager /
_cJames M. Daily.
260 _aHomewood, Ill. :
_bDow Jones-Irwin,
_cc1983.
300 _avii, 137 p. :
_bill. ;
_c30 cm.
500 _aOn cover: Institute of Certified Professional Managers.
500 _aTitle on cover: Interpersonal skills for the manager.
504 _aIncludes bibliographies.
650 0 _aPersonnel management.
_9239803
650 0 _aOrganizational behavior.
_9239804
710 2 _aInstitute of Certified Professional Managers (U.S.)
_9239805
942 _2ddc
_cBK
999 _c77116
_d77116